Javanese panorama

Saved in:
Bibliographic Details
Main Author: Ponder, H. W.
Format: Book
Language:Undetermined
Published: London Seeley, Service
Subjects:
Tags: Add Tag
No Tags, Be the first to tag this record!
Institutions: Trung tâm Học liệu Trường Đại học Cần Thơ
LEADER 00436nam a2200169Ia 4500
001 CTU_92595
008 210402s9999 xx 000 0 und d
082 |a 895.8 
082 |b P796 
100 |a Ponder, H. W. 
245 0 |a Javanese panorama 
245 0 |c H. W. Ponder 
260 |a London 
260 |b Seeley, Service 
650 |a Javanese literature 
904 |i Mai Loan 
980 |a Trung tâm Học liệu Trường Đại học Cần Thơ